000
00267nam a2200109Ia 4500
001
1272298
005
20260417151425.0
008
260417s9999 xx 000 0 und d
020
_a
9786258094268
245
0
_a
Ayı ve Kurt
_c
Daniel Salmieri
260
_b
Ketebe Çocuk
999
_c
1272298
_d
1272298